The property market and urban competitiveness: a review. (Record no. 60402)

MARC details
000 -LEADER
fixed length control field 00946cam a2200217 4500
001 - CONTROL NUMBER
control field ABS60752
008 - FIXED-LENGTH DATA ELEMENTS--GENERAL INFORMATION
fixed length control field 000000n1999 000 0 eng u
035 ## - SYSTEM CONTROL NUMBER
System control number (Sirsi) u101248
100 ## - MAIN ENTRY--PERSONAL NAME
Personal name D'Arcy, E.
245 #4 - TITLE STATEMENT
Title The property market and urban competitiveness: a review.
260 ## - PUBLICATION, DISTRIBUTION, ETC.
Date of publication, distribution, etc. 1999
490 ## - SERIES STATEMENT
Series statement Urban Studies
Volume/sequential designation 36(5-6) May 1999, 917-928(7)
520 ## - SUMMARY, ETC.
Summary, etc. Evaluates the contribution which property makes to urban competitiveness, that is the ability of a city to create or exploit comparative advantage and thus achieve higher economic growth than its competitors. Discusses physical and legal aspects of property, the property market process, external influences on the property market, and the property market as an instrument of policy.
650 ## - SUBJECT ADDED ENTRY--TOPICAL TERM
Topical term or geographic name entry element PROPERTY MARKET
650 ## - SUBJECT ADDED ENTRY--TOPICAL TERM
Topical term or geographic name entry element URBAN AREAS
650 ## - SUBJECT ADDED ENTRY--TOPICAL TERM
Topical term or geographic name entry element COMPETITIVENESS
650 ## - SUBJECT ADDED ENTRY--TOPICAL TERM
Topical term or geographic name entry element ECONOMIC GROWTH
690 ## - LOCAL SUBJECT ADDED ENTRY--TOPICAL TERM (OCLC, RLIN)
Topical term or geographic name as entry element ECONOMIC AND SOCIAL
700 ## - ADDED ENTRY--PERSONAL NAME
Personal name Keogh, G.
942 ## - ADDED ENTRY ELEMENTS (KOHA)
Suppress in OPAC 0
Holdings
Withdrawn status Lost status Source of classification or shelving scheme Damaged status Not for loan Home library Current library Shelving location Date acquired Total Checkouts Full call number Barcode Date last seen Copy number Price effective from Koha item type
    Dewey Decimal Classification     London London Journal article 02/11/1999   ABS60752 101248-1001 06/08/2019 1 06/08/2019 Journal article